[Event "Pfalz-ch MAT2 87th"]
[Site "Landau"]
[Date "2018.03.31"]
[Round "9"]
[White "Mueller, Michael7777"]
[Black "Wolfer, Joshua"]
[Result "0-1"]
[WhiteElo "1990"]
[BlackElo "1877"]
[PlyCount "126"]
[EventDate "2018.03.23"]
[EventType "tourn"]
[EventRounds "9"]
[EventCountry "GER"]
[SourceTitle "EXT 2019"]
[Source "ChessBase"]
[SourceDate "2018.10.10"]
[SourceVersion "1"]
[SourceVersionDate "2018.10.10"]
[SourceQuality "1"]

1. d4 Nf6 2. Bf4 g6 3. e3 Bg7 4. Nf3 0-0 5. Be2 d6 6. 0-0 Nh5 7. Bg5 c5 8. c3 cxd4 9. exd4 h6 10. Be3 Nc6 11. d5 Nb8 12. Qd2 Kh7 13. c4 Bg4 14. Nc3 Na6 15. h3 Bd7 16. Rae1 Qc8 17. Nh2 Nf6 18. g4 Nc5 19. f3 a5 20. h4 h5 21. Bg5 Qd8 22. Bd1 Qb6 23. Kh1 Rae8 24. Rg1 Qb4 25. Qe2 e6 26. a3 Qb6 27. Bxf6 Bxf6 28. Qc2 Bxh4 29. Re2 e5 30. gxh5 Bf5 31. Qd2 gxh5 32. Bc2 Bg6 33. Reg2 e4 34. Nxe4 Nxe4 35. Bxe4 Rxe4 36. Rxg6 fxg6 37. fxe4 Rf2 38. Qd3 Qxb2 39. Qh3 Qf6 40. Rf1 Rxf1+ 41. Nxf1 Bg5 42. Nh2 Bf4 43. Nf3 Kh6 44. Qc8 b6 45. Qb8 Be3 46. Kg2 Bc5 47. e5 dxe5 48. Qxe5 Qxe5 49. Nxe5 Kg7 50. a4 Kf6 51. Nd7+ Kf5 52. Nxc5 bxc5 53. Kg3 g5 54. Kh3 g4+ 55. Kg3 Kg5 56. Kg2 h4 57. Kh2 g3+ 58. Kh3 Kf5 59. Kg2 Kg4 60. d6 h3+ 61. Kf1 Kf3 62. d7 g2+ 63. Kg1 Kg3 0-1

[Event "Pfalz-ch MAT2 87th"]
[Site "Landau"]
[Date "2018.03.24"]
[Round "2"]
[White "Zwick, Rainer"]
[Black "Wolfer, Joshua"]
[Result "0-1"]
[WhiteElo "2025"]
[BlackElo "1877"]
[PlyCount "72"]
[EventDate "2018.03.23"]
[EventType "tourn"]
[EventRounds "9"]
[EventCountry "GER"]
[SourceTitle "EXT 2019"]
[Source "ChessBase"]
[SourceDate "2018.10.10"]
[SourceVersion "1"]
[SourceVersionDate "2018.10.10"]
[SourceQuality "1"]

1. e4 d6 2. f4 g6 3. Nf3 Bg7 4. d4 Bg4 5. c3 Nf6 6. e5 Nfd7 7. h3 Bxf3 8. Qxf3 c6 9. Bc4 d5 10. Bd3 e6 11. Be3 Qb6 12. b4 a5 13. bxa5 Qb2 14. Qd1 Qxa1 15. Qb3 Rxa5 16. a3 b6 17. 0-0 c5 18. dxc5 bxc5 19. c4 dxc4 20. Bxc4 Nc6 21. Bxe6 fxe6 22. Qxe6+ Ne7 23. Nd2 Nf8 24. Qb3 Qxa3 25. Qb8+ Kf7 26. Nc4 Ra8 27. Qb7 Qa6 28. Qe4 Qc6 29. Nd6+ Kg8 30. Qc2 Ne6 31. f5 gxf5 32. Rxf5 Nxf5 33. Qxf5 Qd7 34. Ne4 Qf7 35. Nf6+ Bxf6 36. exf6 Re8 0-1

[Event "BL2-Sued 1516"]
[Site "Germany"]
[Date "2016.04.10"]
[Round "9.8"]
[White "Wolfer, Joshua"]
[Black "Gellendin, Ingo"]
[Result "1/2-1/2"]
[WhiteElo "1832"]
[BlackElo "2149"]
[PlyCount "125"]
[EventDate "2015.09.20"]
[EventType "team-tourn"]
[EventRounds "9"]
[EventCountry "GER"]
[SourceTitle "EXT 2017"]
[Source "ChessBase"]
[SourceDate "2016.10.25"]
[SourceVersion "1"]
[SourceVersionDate "2016.10.25"]
[SourceQuality "1"]
[WhiteTeam "Landau"]
[BlackTeam "Schwegenheim"]
[WhiteTeamCountry "GER"]
[BlackTeamCountry "GER"]

1. e4 e6 2. d4 d5 3. e5 c5 4. c3 Nc6 5. Be3 Qb6 6. Qd2 Bd7 7. Nf3 cxd4 8. cxd4 Rc8 9. Nc3 Bb4 10. Bd3 Na5 11. Rc1 Nc4 12. Bxc4 Rxc4 13. a3 Bxc3 14. Rxc3 Qc7 15. 0-0 Rxc3 16. Qxc3 Qxc3 17. bxc3 Bb5 18. Rb1 Ba6 19. Nd2 Ne7 20. Nb3 b6 21. a4 Kd7 22. f4 Rc8 23. Bd2 Bc4 24. a5 Bxb3 25. Rxb3 bxa5 26. Kf2 Nc6 27. Rb7+ Rc7 28. Rb5 a6 29. Rb6 Ra7 30. Ke2 Kc7 31. Rb1 Rb7 32. Ra1 Rb2 33. g4 Kb6 34. Kd3 Kb5 35. Bc1 Rb3 36. Kc2 a4 37. h4 g6 38. Bb2 Na5 39. Rf1 Kc4 40. f5 a3 41. Ba1 Rb6 42. fxg6 fxg6 43. Rf8 Kb5 44. Rh8 Ka4 45. c4 dxc4 46. Rxh7 a2 47. Bb2 c3 48. Bxc3 Rc6 49. Kb2 Rxc3 50. Kxa2 Rc2+ 51. Kb1 Kb3 52. Rf7 Rg2 53. Rf3+ Kc4 54. Rf6 Rxg4 55. Rxe6 Nb3 56. Rxa6 Nxd4 57. e6 Rg1+ 58. Kb2 Rg2+ 59. Kb1 Nf5 60. h5 gxh5 61. Ra5 Rf2 62. e7 Nxe7 63. Rxh5 1/2-1/2

[Event "Zweibruecken PSB-ch HT1 82nd"]
[Site "Zweibruecken"]
[Date "2013.03.24"]
[Round "3"]
[White "Mader, Lena"]
[Black "Wolfer, Joshua"]
[Result "0-1"]
[WhiteElo "1721"]
[BlackElo "1674"]
[PlyCount "54"]
[EventDate "2013.??.??"]
[EventType "swiss"]
[EventRounds "7"]
[EventCountry "GER"]
[SourceTitle "EXT 2014"]
[Source "ChessBase"]
[SourceDate "2013.11.20"]
[SourceVersion "1"]
[SourceVersionDate "2013.11.20"]
[SourceQuality "1"]

1. Nf3 e6 2. c4 Nf6 3. g3 d6 4. Bg2 Nbd7 5. 0-0 Be7 6. d4 0-0 7. Nc3 h6 8. Qc2 e5 9. dxe5 Nxe5 10. Nxe5 dxe5 11. Rd1 Qe8 12. Nb5 Bd8 13. b3 a6 14. Nc3 c6 15. Ba3 Be7 16. Bb2 Nh7 17. Na4 Bb4 18. a3 Ba5 19. b4 Bc7 20. Nc5 Ng5 21. e3 Bg4 22. Rf1 Nf3+ 23. Kh1 f6 24. h4 Qh5 25. Bxf3 Bxf3+ 26. Kh2 e4 27. Ne6 Qxh4+ 0-1

[Event "Zweibruecken PSB-ch HT1 82nd"]
[Site "Zweibruecken"]
[Date "2013.03.23"]
[Round "2"]
[White "Wolfer, Joshua"]
[Black "Stein, Daniel1111"]
[Result "1/2-1/2"]
[WhiteElo "1674"]
[BlackElo "1864"]
[PlyCount "69"]
[EventDate "2013.??.??"]
[EventType "swiss"]
[EventRounds "7"]
[EventCountry "GER"]
[SourceTitle "EXT 2014"]
[Source "ChessBase"]
[SourceDate "2013.11.20"]
[SourceVersion "1"]
[SourceVersionDate "2013.11.20"]
[SourceQuality "1"]

1. e4 e5 2. Nf3 Nf6 3. Nc3 Bb4 4. Nxe5 d6 5. Nf3 Bxc3 6. dxc3 Nxe4 7. Bd3 Nc5 8. 0-0 Nxd3 9. cxd3 0-0 10. Bg5 f6 11. Bf4 Be6 12. Re1 Qd7 13. Nd4 Bf7 14. Qf3 c5 15. Nc2 Nc6 16. Qg3 Rad8 17. Re2 Ne5 18. d4 Ng6 19. Be3 Qb5 20. Rae1 Qxb2 21. dxc5 Bc4 22. Rd2 dxc5 23. Rxd8 Rxd8 24. Qc7 Qb6 25. Qxc5 Qxc5 26. Bxc5 Rd2 27. Nd4 Rxa2 28. Nf5 Ne5 29. f4 Nd3 30. Re8+ Kf7 31. Nd6+ Kg6 32. f5+ Kh5 33. g4+ Kxg4 34. Re4+ Kf3 35. Re3+ 1/2-1/2

[Event "GER-chB U25"]
[Site "Oberhof"]
[Date "2011.06.18"]
[Round "9"]
[White "Wolfer, Joshua"]
[Black "Edel, Fenja"]
[Result "1-0"]
[WhiteElo "1550"]
[BlackElo "1537"]
[PlyCount "39"]
[EventDate "2011.06.11"]
[EventType "swiss"]
[EventRounds "9"]
[EventCountry "GER"]
[SourceTitle "CBM 142 Extra"]
[Source "ChessBase"]
[SourceDate "2011.06.27"]
[SourceVersion "1"]
[SourceVersionDate "2011.06.27"]
[SourceQuality "1"]

1. e4 e6 2. d4 d5 3. e5 c5 4. c3 Nc6 5. Nf3 Bd7 6. Bd3 Qb6 7. Bc2 Nh6 8. 0-0 Nf5 9. Bxf5 exf5 10. dxc5 Qxc5 11. Be3 Qb5 12. b4 Be6 13. a4 Qc4 14. Na3 Qxc3 15. Nb5 Qxb4 16. Nc7+ Kd7 17. Nxa8 Bc5 18. Rb1 Qa5 19. Rxb7+ Kc8 20. Rb5 1-0

[Event "GER-chB U25"]
[Site "Oberhof"]
[Date "2011.06.14"]
[Round "5"]
[White "Wolf, Sascha"]
[Black "Wolfer, Joshua"]
[Result "0-1"]
[WhiteElo "1358"]
[BlackElo "1550"]
[PlyCount "66"]
[EventDate "2011.06.11"]
[EventType "swiss"]
[EventRounds "9"]
[EventCountry "GER"]
[SourceTitle "CBM 142 Extra"]
[Source "ChessBase"]
[SourceDate "2011.06.27"]
[SourceVersion "1"]
[SourceVersionDate "2011.06.27"]
[SourceQuality "1"]

1. g3 e5 2. Bg2 d5 3. d3 Nf6 4. Nc3 Bb4 5. a3 Ba5 6. b4 Bb6 7. Bb2 Be6 8. Na4 Qd6 9. Nxb6 axb6 10. Nf3 Nbd7 11. Nd2 c6 12. c4 d4 13. Nb3 Bf5 14. Qc2 0-0 15. Bc1 Rfe8 16. 0-0 e4 17. Bf4 exd3 18. exd3 Ne5 19. Rfe1 g5 20. c5 bxc5 21. bxc5 Qc7 22. Bxe5 Rxe5 23. Nxd4 Bg6 24. Nb3 Rxa3 25. Rxa3 Rxe1+ 26. Bf1 Qd7 27. Qc3 Qe6 28. Nd2 Kg7 29. Ne4 Rd1 30. Qc2 Bh5 31. Qc3 Be2 32. Nd2 Bxf1 33. Nxf1 Qh3 0-1

[Event "GER-chB U25"]
[Site "Oberhof"]
[Date "2011.06.14"]
[Round "6"]
[White "Wolfer, Joshua"]
[Black "Oberhofer, Cedric"]
[Result "1/2-1/2"]
[WhiteElo "1550"]
[BlackElo "1409"]
[PlyCount "120"]
[EventDate "2011.06.11"]
[EventType "swiss"]
[EventRounds "9"]
[EventCountry "GER"]
[SourceTitle "CBM 142 Extra"]
[Source "ChessBase"]
[SourceDate "2011.06.27"]
[SourceVersion "1"]
[SourceVersionDate "2011.06.27"]
[SourceQuality "1"]

1. e4 c5 2. Nf3 d6 3. d4 cxd4 4. Nxd4 Nf6 5. Nc3 a6 6. Bc4 e6 7. f3 b5 8. Bb3 Nbd7 9. Be3 Nc5 10. Qd2 Bb7 11. Nde2 Nxb3 12. axb3 Be7 13. Ng3 0-0 14. Rd1 Qc7 15. Qf2 Rac8 16. Bb6 Qc6 17. 0-0 Nd7 18. Bd4 b4 19. Na2 Qxc2 20. Qxc2 Rxc2 21. Nxb4 Rc7 22. Ra1 Ra8 23. Bc3 d5 24. exd5 Bxb4 25. Bxb4 Bxd5 26. Ra3 Rb7 27. Bc3 Rxb3 28. Ra4 g6 29. Rfa1 Nc5 30. Rg4 Nd3 31. Nh5 Nxb2 32. Nf6+ Kf8 33. Nxh7+ Ke7 34. Bf6+ Kd7 35. Ng5 Ke8 36. Rh4 Nd3 37. Rh8+ Kd7 38. Rxa8 Bxa8 39. Nxf7 Ke8 40. Ne5 Nxe5 41. Bxe5 Rb6 42. Kf2 Bd5 43. Kg3 Kf7 44. Ra4 Rc6 45. Rf4+ Kg8 46. Rf6 Kg7 47. Rxe6+ Kf7 48. Rxc6 Bxc6 49. f4 Ke6 50. Kh3 a5 51. g4 g5 52. Bc7 gxf4 53. Bxf4 a4 54. Bc1 Kf6 55. Kg3 Kg6 56. h4 Bd5 57. h5+ Kh7 58. g5 Bf7 59. Kg4 Be8 60. h6 Bg6 1/2-1/2

[Event "GER-chB U25"]
[Site "Oberhof"]
[Date "2011.06.12"]
[Round "1"]
[White "Schumann, Rabea"]
[Black "Wolfer, Joshua"]
[Result "0-1"]
[WhiteElo "1388"]
[BlackElo "1550"]
[PlyCount "66"]
[EventDate "2011.06.11"]
[EventType "swiss"]
[EventRounds "9"]
[EventCountry "GER"]
[SourceTitle "CBM 142 Extra"]
[Source "ChessBase"]
[SourceDate "2011.06.27"]
[SourceVersion "1"]
[SourceVersionDate "2011.06.27"]
[SourceQuality "1"]

1. e4 e6 2. d4 d5 3. e5 c5 4. c3 Nc6 5. Nf3 Qb6 6. a3 a5 7. b3 Bd7 8. Be3 cxd4 9. cxd4 Nge7 10. Bd3 Nf5 11. Bxf5 exf5 12. Nc3 Be6 13. 0-0 Be7 14. Qd3 0-0 15. Rfc1 Rfd8 16. Na4 Qc7 17. Nc5 Bxc5 18. Rxc5 Qd7 19. h3 b6 20. Rc2 f4 21. Bxf4 Bf5 22. Qd2 Bxc2 23. Qxc2 Rac8 24. Qd2 Re8 25. Qd3 Nd8 26. Ng5 g6 27. h4 Ne6 28. Nxe6 Rxe6 29. Qd2 Rec6 30. Bg5 Rc2 31. Qe3 Qf5 32. f3 R8c3 33. Qe1 Rxb3 0-1